Đi tìm chân dung Hàn Mạc Tử

Đã lưu trong:
Sonraí Bibleagrafaíochta
Príomhúdar: Hàn Mạc Tử
Formáid: Leabhar
Teanga:Vietnamese
Foilsithe: H. Nxb. Văn học 1997
Clibeanna: Cuir Clib Leis
Gan Chlibeanna, Bí ar an gcéad duine leis an taifead seo a chlibeáil!
Thư viện lưu trữ: Mạng thư viện Đại học Đà Nẵng
LEADER 00683nam a2200265 4500
001 000014496
003 10862
005 20120504150507.0
008 120504s1997 viesd
020 |c 60000 
041 0 |a vie 
082 |a 895.922132  |b HA-T 
100 0 |a Hàn Mạc Tử 
245 0 |a Đi tìm chân dung Hàn Mạc Tử  |c Phạm Xuân Tuyển 
246 |a sưu khảo 
260 |a H.  |b Nxb. Văn học  |c 1997 
300 |a 447 tr.  |b hình ảnh  |c 24 cm 
OWN |a LSP 
999 |a From the UDN01 
TYP |a Monograph 
TYP |a Printed language 
980 |a Mạng thư viện Đại học Đà Nẵng